| 000 | 00563nam a2200145Ia 4500 | ||
|---|---|---|---|
| 008 | 100204s9999 xx 000 0 und d | ||
| 082 | _b10317 | ||
| 100 | _aपंडित नलिनी | ||
| 245 | _a"धर्म , शास्त्र आणि समाज" | ||
| 260 |
_bडी. डी. कोसंबी एज्यु. ट्रस्ट मुं. 23 _c1987 |
||
| 300 | _a82 | ||
| 630 | _a"धर्म , शास्त्र आणि समाज" | ||
| 730 | _a"धर्म , शास्त्र आणि समाज" | ||
| 942 | _cBOOK | ||
| 999 |
_c454753 _d454750 |
||